[Event "GAMMA Reykjavik Open 2019"]
[Site "Reykjavik"]
[Date "2019.04.14"]
[Round "7.24"]
[White "Obrien, Matthew"]
[Black "Suleymenov, Alisher"]
[Result "0-1"]
[WhiteElo "2110"]
[BlackElo "2431"]
[Annotator "NA"]
[PlyCount "84"]
[EventDate "2019.04.04"]
[EventType "swiss"]
[EventCountry "ISL"]
[SourceTitle "playchess.com"]
[Source "ChessBase"]
[SourceQuality "1"]
[TimeControl "40/5400+30:1800+30"]

1. e4 {[%emt 0:00:00]} c5 {[%emt 0:00:00]} 2. Nf3 {[%emt 0:00:00]} Nc6 {[%emt 0:00:58]} 3. d4 {[%emt 0:00:20]} cxd4 {[%emt 0:00:05]} 4. Nxd4 {[%emt 0:00:05]} e6 {[%emt 0:00:04]} 5. Nc3 {[%emt 0:01:15]} Qc7 {[%emt 0:00:06]} 6. Be3 {[%emt 0:01:00]} a6 {[%emt 0:00:05]} 7. Qf3 {[%emt 0:01:18]} Bd6 {[%emt 0:11:05]} 8. O-O-O {[%emt 0:00:40]} Be5 {[%emt 0:00:08]} 9. Qe2 {[%emt 0:05:36]} Nf6 {[%emt 0:15:26]} 10. g3 {[%emt 0:02:04]} O-O {[%emt 0:00:23]} 11. f4 {[%emt 0:02:23]} Bxd4 {[%emt 0:00:02]} 12. Bxd4 {[%emt 0:00:07]} Nxd4 {[%emt 0:00:03]} 13. Rxd4 {[%emt 0:00:09]} d6 {[%emt 0:01:30]} 14. g4 {[%emt 0:12:38]} e5 $11 {[%emt 0:13:29]} 15. Rc4 {[%emt 0:01:10]} Qd8 {[%emt 0:00:35]} 16. g5 {[%emt 0:06:33]} Nd7 {[%emt 0:00:11]} 17. f5 {[%emt 0:09:24]} b5 {[%emt 0:02:46]} 18. Rc6 {[%emt 0:01:22]} Nb8 {[%emt 0:00:21]} 19. Rxc8 {[%emt 0:00:21]} Qxg5+ {[%emt 0:00:04]} 20. Kb1 {[%emt 0:00:39]} Rxc8 {[%emt 0:00:04]} 21. Nd5 {[%emt 0:00:12]} Nd7 {[%emt 0:10:51]} 22. Qf2 {[%emt 0:02:17]} Kh8 {[%emt 0:09:33]} 23. Rg1 {[%emt 0:00:29]} Qh6 {[%emt 0:00:04]} 24. Bd3 {[%emt 0:05:27]} Rab8 {[%emt 0:08:56]} 25. f6 {[%emt 0:06:29]} Nxf6 {[%emt 0:06:43]} 26. Ne7 {[%emt 0:00:10]} Rf8 {[%emt 0:06:35]} 27. Nf5 {[%emt 0:00:55]} Qf4 {[%emt 0:00:04]} 28. Qg2 {[%emt 0:00:12]} g6 {[%emt 0:00:21]} 29. Nxd6 {[%emt 0:01:05]} Rbd8 {[%emt 0:02:49]} 30. Rf1 {[%emt 0:02:39]} Qe3 {[%emt 0:02:16]} 31. Nb7 {[%emt 0:01:02]} Rd7 {[%emt 0:00:07]} 32. Na5 {[%emt 0:00:51]} Nh5 {[%emt 0:00:14]} 33. a3 {[%emt 0:01:27]} Nf4 {[%emt 0:01:46]} 34. Qg5 {[%emt 0:00:42]} f6 {[%emt 0:00:04]} 35. Qh6 {[%emt 0:00:53]} Rc8 {[%emt 0:00:38]} 36. Ka2 {[%emt 0:02:53]} Qb6 {[%emt 0:00:37]} 37. Nb3 {[%emt 0:01:27]} Nxd3 {[%emt 0:00:09]} 38. cxd3 {[%emt 0:00:30]} Qe6 {[%emt 0:00:17]} 39. Rc1 {[%emt 0:02:01]} Rxc1 {[%emt 0:00:42]} 40. Qf8+ {[%emt 0:00:00]} Qg8 {[%emt 0:00:00]} 41. Qxf6+ {[%emt 0:00:45]} Rg7 {[%emt 0:00:14]} 42. Qxe5 {[%emt 0:00:15]} Rd1 {[%emt 0:00:37]} 0-1

[Event "GAMMA Reykjavik Open 2019"]
[Site "Reykjavik"]
[Date "2019.04.14"]
[Round "7.25"]
[White "Tania, Sachdev"]
[Black "Walton, Alan J"]
[Result "1-0"]
[WhiteElo "2397"]
[BlackElo "2132"]
[Annotator "NA"]
[PlyCount "59"]
[EventDate "2019.04.04"]
[EventType "swiss"]
[EventCountry "ISL"]
[SourceTitle "playchess.com"]
[Source "ChessBase"]
[SourceQuality "1"]
[TimeControl "40/5400+30:1800+30"]

1. d4 {[%emt 0:00:06]} d5 {[%emt 0:00:12]} 2. c4 {[%emt 0:00:12]} c6 {[%emt 0:00:30]} 3. Nf3 {[%emt 0:00:12]} Nf6 {[%emt 0:00:08]} 4. Nc3 {[%emt 0:00:04]} e6 {[%emt 0:01:16]} 5. g3 {[%emt 0:00:05]} dxc4 {[%emt 0:00:43]} 6. Bg2 {[%emt 0:00:05]} b5 {[%emt 0:00:34]} 7. Ne5 {[%emt 0:01:18]} Nd5 {[%emt 0:03:48]} 8. e4 {[%emt 0:06:58]} Nxc3 {[%emt 0:02:48]} 9. bxc3 {[%emt 0:00:04]} Be7 {[%emt 0:00:14]} 10. a4 {[%emt 0:13:21]} b4 {[%emt 0:01:13]} 11. O-O {[%emt 0:13:35]} a5 {[%emt 0:13:08]} 12. Nxc4 {[%emt 0:37:53]} Ba6 {[%emt 0:04:45]} 13. Qb3 {[%emt 0:00:08]} bxc3 {[%emt 0:07:28]} 14. Rd1 {[%emt 0:00:11]} Nd7 {[%emt 0:04:30]} 15. Qxc3 {[%emt 0:01:39]} Bb4 {[%emt 0:00:39]} 16. Qc2 {[%emt 0:01:11]} O-O {[%emt 0:00:57]} 17. Be3 {[%emt 0:06:48]} Rc8 {[%emt 0:02:48]} 18. Rac1 {[%emt 0:02:56]} Qe7 {[%emt 0:01:29]} 19. Qa2 {[%emt 0:02:51]} Bb7 {[%emt 0:09:30]} 20. Bd2 {[%emt 0:02:08]} c5 {[%emt 0:01:55]} 21. Nxa5 {[%emt 0:01:26]} Bxa5 {[%emt 0:00:10]} 22. Bxa5 {[%emt 0:00:02]} cxd4 {[%emt 0:00:17]} 23. Qb2 {[%emt 0:05:07]} Rxc1 {[%emt 0:03:44]} 24. Rxc1 {[%emt 0:00:30]} Ba6 {[%emt 0:01:35]} 25. Qxd4 {[%emt 0:01:13]} Rb8 {[%emt 0:00:55]} 26. h4 {[%emt 0:00:47]} Nf8 {[%emt 0:01:08]} 27. Rc7 {[%emt 0:00:56]} Rd8 {[%emt 0:02:04]} 28. Qb6 {[%emt 0:01:25]} Rd1+ {[%emt 0:02:14]} 29. Kh2 {[%emt 0:00:01]} Qd6 {[%emt 0:00:08]} 30. Rc6 {[%emt 0:00:30]} 1-0

[Event "GAMMA Reykjavik Open 2019"]
[Site "Reykjavik"]
[Date "2019.04.14"]
[Round "7.26"]
[White "Borocz, Istvan"]
[Black "Maroroa, Sue"]
[Result "1-0"]
[WhiteElo "2350"]
[BlackElo "2128"]
[Annotator "NA"]
[PlyCount "77"]
[EventDate "2019.04.04"]
[EventType "swiss"]
[EventCountry "ISL"]
[SourceTitle "playchess.com"]
[Source "ChessBase"]
[SourceQuality "1"]
[TimeControl "40/5400+30:1800+30"]

1. d4 {[%emt 0:00:00]} Nf6 {[%emt 0:00:00]} 2. c4 {[%emt 0:01:09]} g6 {[%emt 0:00:00]} 3. Nc3 {[%emt 0:00:54]} Bg7 {[%emt 0:00:09]} 4. e4 {[%emt 0:00:07]} d6 {[%emt 0:00:12]} 5. Be2 {[%emt 0:00:13]} O-O {[%emt 0:00:57]} 6. Bg5 {[%emt 0:00:27]} h6 {[%emt 0:02:21]} 7. Be3 {[%emt 0:04:03]} e5 {[%emt 0:01:34]} 8. d5 {[%emt 0:03:31]} a5 {[%emt 0:06:42]} 9. Nf3 {[%emt 0:12:21]} Ng4 {[%emt 0:06:04]} 10. Bd2 {[%emt 0:03:06]} f5 {[%emt 0:04:42]} 11. Qc1 {[%emt 0:06:28]} Nxf2 {[%emt 0:06:31]} 12. Kxf2 {[%emt 0:06:36]} fxe4 {[%emt 0:00:11]} 13. Nxe4 {[%emt 0:01:05]} Qh4+ {[%emt 0:00:25]} 14. Ke3 {[%emt 0:01:30]} Qf4+ {[%emt 0:12:59]} 15. Kd3 {[%emt 0:01:46]} Qf7 {[%emt 0:04:08]} 16. Bxh6 {[%emt 0:23:29]} Bf5 {[%emt 0:02:07]} 17. Bxg7 {[%emt 0:00:46]} Bxe4+ {[%emt 0:02:02]} 18. Kxe4 {[%emt 0:00:22]} Qf5+ {[%emt 0:01:52]} 19. Ke3 {[%emt 0:00:09]} Kxg7 {[%emt 0:01:36]} 20. Bd3 {[%emt 0:15:10]} e4 {[%emt 0:03:54]} 21. Bxe4 {[%emt 0:00:06]} Re8 {[%emt 0:00:57]} 22. Qc3+ {[%emt 0:02:04]} Kg8 {[%emt 0:05:13]} 23. Kf2 {[%emt 0:03:20]} Rxe4 {[%emt 0:00:38]} 24. Rhe1 {[%emt 0:00:06]} Rxe1 {[%emt 0:01:29]} 25. Rxe1 {[%emt 0:00:03]} Nd7 {[%emt 0:00:04]} 26. Kg1 {[%emt 0:01:16]} Rf8 {[%emt 0:01:24]} 27. h3 {[%emt 0:01:34]} b6 {[%emt 0:08:38]} 28. Qe3 {[%emt 0:01:16]} Nc5 {[%emt 0:01:32]} 29. Qe7 {[%emt 0:04:22]} Nd3 {[%emt 0:02:11]} 30. Re3 {[%emt 0:03:24]} Ne5 {[%emt 0:10:28]} 31. Ng5 {[%emt 0:00:54]} Qf2+ {[%emt 0:00:32]} 32. Kh2 {[%emt 0:00:40]} Qf4+ {[%emt 0:01:55]} 33. Rg3 {[%emt 0:00:28]} Qh4 {[%emt 0:00:34]} 34. Qxc7 {[%emt 0:01:24]} Rf5 {[%emt 0:08:39]} 35. Qd8+ {[%emt 0:00:38]} Rf8 {[%emt 0:00:04]} 36. Qxd6 {[%emt 0:00:37]} Qf4 {[%emt 0:01:03]} 37. Qe7 {[%emt 0:01:25]} Rf6 {[%emt 0:01:20]} 38. Qh7+ {[%emt 0:01:14]} Kf8 {[%emt 0:00:17]} 39. Ne6+ {[%emt 0:00:16]} 1-0

[Event "GAMMA Reykjavik Open 2019"]
[Site "Reykjavik"]
[Date "2019.04.14"]
[Round "7.27"]
[White "Kristjansson, Atli Freyr"]
[Black "Christiansen, Johan-Sebastian"]
[Result "0-1"]
[WhiteElo "2198"]
[BlackElo "2571"]
[Annotator "TA"]
[PlyCount "108"]
[EventDate "2019.04.04"]
[EventType "swiss"]
[EventCountry "ISL"]
[SourceTitle "playchess.com"]
[Source "ChessBase"]
[SourceQuality "1"]

{[%evp 14,108,8,0,0,0,7,-16,-9,-6,3,-10,0,0,0,-7,-7,-5,64,60,64,65,50,43,94,53,73,73,71,72,72,69,72,62,73,58,56,65,87,0,0,0,0,0,0,0,0,-4,-7,-16,0,-42,-31,-43,-42,-136,-110,-220,-204,-196,-193,-226,-182,-518,-617,-471,-280,-449,-348,-331,0,-434,-418,-466,-418,-441,-411,-641,-640,-630,-600,-2100,-930,-839,-425,-504,-487,-578,-573,-512,-310,-5617,-5597,-5597,-5581,-2144,-1843]} 1. Nf3 c5 2. c4 Nc6 3. Nc3 e5 4. g3 g6 5. Bg2 Bg7 6. O-O Nge7 7. d3 O-O 8. Bg5 f6 {A37: Symmetrical English vs ...g6: 4 Bg2 Bg7 5 Nf3} 9. Bd2 d6 10. Ne1 Rb8 {The position is equal.} (10... Be6 11. Nd5 Rb8 12. Nc2 Qd7 13. b4 Bh3 14. b5 Bxg2 15. bxc6 Qh3 16. Nxe7+ Kf7 17. c7 Kxe7 18. cxb8=Q Rxb8 {1-0 (28) Vallejo Pons,F (2705)-Dominguez Perez,L (2712) Beijing 2011}) 11. Nc2 f5 $146 ({Predecessor:} 11... Nd4 12. Ne3 Be6 13. Ned5 Nxd5 14. Bxd5 Bxd5 15. Nxd5 f5 16. Bc3 Nc6 17. e4 b5 18. cxb5 {1-0 (56) Stadler,A (2124)-Wunder,S (2065) Bad Kissingen 2018}) 12. Ne3 f4 13. Ned5 $36 {[%mdl 2048] White has some pressure.} Nxd5 14. Nxd5 {[%cal Rg3f4]} Nd4 15. gxf4 Qh4 (15... exf4 $11 16. Bxf4 Bg4) 16. e3 $14 Nc6 17. Bc3 exf4 18. Nxf4 Bg4 (18... Ne5 $14) 19. f3 Rxf4 20. exf4 Bf5 21. Bxg7 Kxg7 22. Qd2 Qf6 23. Rfe1 h5 24. Rad1 h4 25. h3 b5 26. b3 ({White should play} 26. cxb5 $16 Rxb5 27. b3) 26... b4 $11 27. Re3 a5 28. Rde1 Ra8 29. Re8 Ra7 30. Qe3 a4 31. bxa4 Rxa4 32. Re2 Ra3 33. Rd2 Kf7 34. Kf2 (34. Re4 $1 $15) 34... Be6 35. f5 (35. Rxe6 $17 Qxe6 36. f5 Qxe3+ 37. Kxe3) 35... Kxe8 $19 36. fxe6 g5 37. f4 Nd4 38. f5 $2 (38. Bf3 {is tougher.} Qxf4 39. Qxf4 gxf4 40. Kg2) 38... Nxf5 39. Qf3 Qd4+ (39... b3 $142 40. axb3 (40. Qc6+ $2 Kf8 $19) 40... Qd4+ 41. Ke2 Qe5+ 42. Kf2 Qd4+ 43. Ke2 Ng3+ 44. Ke1 Qg1+ 45. Bf1 Ra1+ 46. Rd1 Rxd1+ {[%mdl 64] Overworked Piece} 47. Kxd1 Qxf1+ 48. Qxf1 Nxf1) 40. Ke1 $2 (40. Ke2 Ng3+ 41. Ke1 Qg1+ 42. Bf1 Qxf1+ 43. Qxf1 Nxf1 44. Kxf1) 40... Qa1+ 41. Kf2 {[#] Black must now prevent Qh5+.} Qd4+ 42. Ke1 $1 Qg1+ 43. Qf1 Qe3+ 44. Qe2 Qg3+ 45. Kd1 (45. Qf2 $142 Rxd3 46. Be4) 45... Ne3+ 46. Kc1 {Qh5+ is the strong threat.} Ke7 47. Bf3 Qe5 (47... Qg1+ $142 48. Kb2 Rc3) 48. Kb1 b3 49. Rb2 bxa2+ 50. Ka1 Qd4 51. Qf2 {and the idea Bg4 leaves White hopeful.} Rb3 52. Bc6 $2 (52. Kxa2 Rxb2+ 53. Qxb2 Qxb2+ 54. Kxb2) 52... Qxb2+ {Black is clearly winning.} 53. Qxb2 Rxb2 54. Kxb2 {[#]} Nc2 $1 {[%mdl 512] Accuracy: White = 37%, Black = 56%.} 0-1

[Event "GAMMA Reykjavik Open 2019"]
[Site "Reykjavik"]
[Date "2019.04.14"]
[Round "7.28"]
[White "Cornette, Matthieu"]
[Black "Ingvason, Johann"]
[Result "1-0"]
[WhiteElo "2556"]
[BlackElo "2181"]
[Annotator "RC"]
[PlyCount "147"]
[EventDate "2019.04.04"]
[EventType "swiss"]
[EventCountry "ISL"]
[SourceTitle "playchess.com"]
[Source "ChessBase"]
[SourceQuality "1"]
[TimeControl "40/5400+30:1800+30"]

1. e4 {[%emt 0:00:00]} e5 {[%emt 0:00:00]} 2. Nf3 {[%emt 0:00:00]} Nc6 {[%emt 0:00:00]} 3. Bc4 {[%emt 0:00:01]} Nf6 {[%emt 0:00:03]} 4. d3 {[%emt 0:00:04]} Bc5 {[%emt 0:02:34]} 5. O-O {[%emt 0:00:18]} d6 {[%emt 0:01:07]} 6. c3 {[%emt 0:00:17]} O-O {[%emt 0:01:23]} 7. b4 {[%emt 0:01:59]} Bb6 {[%emt 0:00:19]} 8. Bg5 {[%emt 0:00:21]} Be6 {[%emt 0:01:33]} 9. Nbd2 {[%emt 0:00:21]} a5 {[%emt 0:03:58]} 10. b5 {[%emt 0:02:53]} Nb8 {[%emt 0:00:48]} 11. d4 {[%emt 0:09:04]} Nbd7 {[%emt 0:12:08]} 12. Qc2 {[%emt 0:18:41]} Qe7 {[%emt 0:02:58]} 13. Rfe1 {[%emt 0:03:16]} h6 {[%emt 0:02:43]} 14. Bh4 {[%emt 0:01:15]} Qe8 {[%emt 0:11:20]} 15. h3 {[%emt 0:07:59]} Nh5 {[%emt 0:02:54]} 16. Kh1 {[%emt 0:08:42]} g5 {[%emt 0:05:26]} 17. Bg3 {[%emt 0:00:11]} f6 {[%emt 0:01:05]} 18. a4 {[%emt 0:05:10]} Kh8 {[%emt 0:03:35]} 19. Qa2 {[%emt 0:01:28]} Bg8 {[%emt 0:00:50]} 20. Nf1 {[%emt 0:00:48]} Qg6 {[%emt 0:00:58]} 21. Bxg8 {[%emt 0:03:33]} Rxg8 {[%emt 0:00:31]} 22. Qd5 {[%emt 0:00:20]} Rab8 {[%emt 0:01:01]} 23. Ne3 {[%emt 0:00:54]} Rgf8 {[%emt 0:05:27]} 24. Rad1 {[%emt 0:03:28]} Qf7 {[%emt 0:04:15]} 25. Qxf7 {[%emt 0:03:02]} Rxf7 {[%emt 0:00:01]} 26. Nf5 {[%emt 0:00:16]} Kh7 {[%emt 0:00:18]} 27. Nd2 {[%emt 0:00:10]} Ng7 {[%emt 0:00:26]} 28. Nxg7 {[%emt 0:00:40]} Kxg7 {[%emt 0:00:30]} 29. Nc4 {[%emt 0:00:01]} Rc8 {[%emt 0:01:41]} 30. f3 {[%emt 0:00:32]} Kf8 {[%emt 0:01:13]} 31. Re2 {[%emt 0:05:25]} Re7 {[%emt 0:02:06]} 32. Ne3 {[%emt 0:02:57]} Rh7 {[%emt 0:00:30]} 33. Bf2 {[%emt 0:00:38]} Rf7 {[%emt 0:03:37]} 34. Red2 {[%emt 0:03:57]} Kg7 {[%emt 0:04:15]} 35. g3 {[%emt 0:03:56]} Kg6 {[%emt 0:01:50]} 36. Kg2 {[%emt 0:00:49]} Nf8 {[%emt 0:00:49]} 37. Nc4 {[%emt 0:00:40]} Ne6 {[%emt 0:08:02]} 38. d5 {[%emt 0:05:00]} Nc5 {[%emt 0:12:06]} 39. Bxc5 {[%emt 0:00:05]} Bxc5 {[%emt 0:00:03]} 40. Nxa5 {[%emt 0:00:00]} Ra8 {[%emt 0:00:00]} 41. Nxb7 {[%emt 0:00:13]} Rxa4 {[%emt 0:06:04]} 42. Nxc5 {[%emt 0:02:26]} dxc5 {[%emt 0:00:01]} 43. g4 {[%emt 0:05:52]} Ra3 {[%emt 0:03:18]} 44. Rc2 {[%emt 0:01:05]} Rf8 {[%emt 0:00:16]} 45. d6 {[%emt 0:01:19]} cxd6 {[%emt 0:00:26]} 46. Rxd6 {[%emt 0:00:06]} c4 {[%emt 0:06:08]} 47. Rc6 {[%emt 0:03:28]} Rb8 {[%emt 0:00:09]} 48. b6 {[%emt 0:01:17]} Rb3 {[%emt 0:00:11]} 49. Rxc4 {[%emt 0:02:31]} R8xb6 {[%emt 0:00:02]} 50. Rc7 {[%emt 0:01:23]} Ra3 {[%emt 0:08:39]} 51. Rd2 {[%emt 0:03:16]} Rb1 {[%emt 0:00:28]} 52. Kg3 {[%emt 0:09:14]} Rg1+ {[%emt 0:00:39]} 53. Kf2 {[%emt 0:00:08]} Rc1 {[%emt 0:00:10]} 54. Rdd7 {[%emt 0:00:55]} Ra2+ {[%emt 0:00:05]} 55. Ke3 {[%emt 0:00:04]} Re1+ {[%emt 0:00:04]} 56. Kd3 {[%emt 0:00:02]} Rd1+ {[%emt 0:00:05]} 57. Kc4 {[%emt 0:00:04]} Rxd7 {[%emt 0:00:04]} 58. Rxd7 {[%emt 0:00:07]} Rh2 {[%emt 0:02:18]} 59. Rd3 {[%emt 0:04:14]} Rxh3 {[%emt 0:00:03]} 60. Kd5 {[%emt 0:00:17]} Kf7 {[%emt 0:00:46]} 61. c4 {[%emt 0:01:50]} h5 {[%emt 0:00:29]} 62. Rd1 {[%emt 0:00:25]} hxg4 {[%emt 0:01:24]} 63. fxg4 {[%emt 0:00:07]} Rg3 {[%emt 0:01:27]} 64. c5 {[%emt 0:00:30]} Ke7 {[%emt 0:04:48]} 65. c6 {[%emt 0:00:37]} Rxg4 {[%emt 0:04:18]} 66. Ra1 {[%emt 0:00:06]} Rg2 {[%emt 0:00:17]} 67. Ra7+ {[%emt 0:00:29]} Kd8 {[%emt 0:00:12]} 68. Rf7 {[%emt 0:02:15]} Rd2+ {[%emt 0:00:06]} 69. Ke6 {[%emt 0:00:27]} Rc2 {[%emt 0:01:51]} 70. c7+ {[%emt 0:06:16]} Kc8 {[%emt 0:00:06]} 71. Rxf6 {[%emt 0:00:26]} Rc6+ {[%emt 0:01:07]} 72. Kxe5 {[%emt 0:00:05]} Rxf6 {[%emt 0:00:09]} 73. Kxf6 {[%emt 0:00:02]} g4 {[%emt 0:00:05]} 74. e5 {[%emt 0:00:05]} 1-0

[Event "GAMMA Reykjavik Open 2019"]
[Site "Reykjavik"]
[Date "2019.04.14"]
[Round "7.29"]
[White "Saduakassova, Dinara"]
[Black "Gantar, Jan"]
[Result "1-0"]
[WhiteElo "2461"]
[BlackElo "2172"]
[Annotator "RC"]
[PlyCount "53"]
[EventDate "2019.04.04"]
[EventType "swiss"]
[EventCountry "ISL"]
[SourceTitle "playchess.com"]
[Source "ChessBase"]
[SourceQuality "1"]
[TimeControl "40/5400+30:1800+30"]

1. e4 {[%emt 0:00:00]} e6 {[%emt 0:00:00]} 2. d4 {[%emt 0:00:00]} d5 {[%emt 0:00:00]} 3. Nd2 {[%emt 0:00:00]} dxe4 {[%emt 0:00:14]} 4. Nxe4 {[%emt 0:00:04]} Bd7 {[%emt 0:00:10]} 5. Nf3 {[%emt 0:03:12]} Bc6 {[%emt 0:00:45]} 6. Bd3 {[%emt 0:00:43]} Nd7 {[%emt 0:00:30]} 7. c3 {[%emt 0:04:20]} Ngf6 {[%emt 0:00:41]} 8. Nxf6+ {[%emt 0:01:10]} Qxf6 {[%emt 0:04:19]} 9. Bg5 {[%emt 0:02:12]} Bxf3 {[%emt 0:01:21]} 10. Qd2 {[%emt 0:00:03]} Bxg2 {[%emt 0:00:09]} 11. Bxf6 {[%emt 0:00:09]} Bxh1 {[%emt 0:00:08]} 12. Bh4 {[%emt 0:00:19]} Bc6 {[%emt 0:05:10]} 13. O-O-O {[%emt 0:02:03]} Be7 {[%emt 0:21:35]} 14. Bxe7 {[%emt 0:03:13]} Kxe7 {[%emt 0:00:07]} 15. Qg5+ {[%emt 0:02:13]} Kf8 {[%emt 0:01:03]} 16. c4 {[%emt 0:03:06]} Nf6 {[%emt 0:00:35]} 17. Rg1 {[%emt 0:02:02]} Rg8 {[%emt 0:00:10]} 18. Qc5+ {[%emt 0:00:22]} Ke8 {[%emt 0:00:28]} 19. d5 {[%emt 0:06:10]} Bd7 {[%emt 0:01:39]} 20. dxe6 {[%emt 0:01:02]} Bxe6 {[%emt 0:00:47]} 21. Qxc7 {[%emt 0:01:25]} Nd7 {[%emt 0:01:53]} 22. f4 {[%emt 0:04:34]} f5 {[%emt 0:02:00]} 23. Re1 {[%emt 0:00:52]} Kf7 {[%emt 0:00:07]} 24. Qd6 {[%emt 0:00:19]} Nf8 {[%emt 0:01:30]} 25. Bxf5 {[%emt 0:00:28]} Re8 {[%emt 0:00:07]} 26. Bxe6+ {[%emt 0:00:54]} Nxe6 {[%emt 0:00:18]} 27. f5 {[%emt 0:00:11]} 1-0

[Event "GAMMA Reykjavik Open 2019"]
[Site "Reykjavik"]
[Date "2019.04.14"]
[Round "7.30"]
[White "Piasetski, Leon"]
[Black "Thorfinnsson, Bragi"]
[Result "0-1"]
[WhiteElo "2222"]
[BlackElo "2436"]
[Annotator "TA"]
[PlyCount "104"]
[EventDate "2019.04.04"]
[EventType "swiss"]
[EventCountry "ISL"]
[SourceTitle "playchess.com"]
[Source "ChessBase"]
[SourceQuality "1"]

{[%evp 26,104,53,35,58,22,27,33,21,16,76,77,115,104,120,113,124,111,119,118,174,144,167,0,43,40,93,0,22,22,23,22,21,21,25,35,30,-14,-12,-13,-13,-16,-16,-12,-12,-15,-12,-12,-11,-46,0,0,0,0,356,250,222,0,0,-13,-20,-23,-23,-172,-172,-91,-138,-479,-453,-1190,-1170,-1000,-820,-5126,-5114,-4619,-4594,-1619,-1460,-518,-518]} 1. Nf3 c5 2. c4 Nf6 3. Nc3 b6 4. e4 d6 5. d4 cxd4 6. Nxd4 Bb7 7. f3 e6 8. Be2 Be7 9. O-O O-O 10. Be3 a6 11. Qb3 {A31: Symmetrical English: 2 Nf3 Nf6 3 d4} (11. Qd2 Qc7 12. Rfc1 Nbd7 13. b4 Rac8 14. Nb3 Qb8 15. Bf1 Rfe8 16. Qf2 Bd8 17. Na4 Ba8 18. c5 b5 19. Nc3 Bc7 20. g3 dxc5 21. Nxc5 Nxc5 22. bxc5 {1-0 (45) Nepomniachtchi,I (2729)-Ponkratov,P (2613) Riadh 2017}) 11... Nbd7 12. Rfd1 Qc7 13. Rac1 Rac8 14. a3 {LiveBook: 4 Games} Kh8 15. Qa2 Rg8 16. b4 g5 17. Qb2 $146 ({Predecessor:} 17. h3 Ne8 18. Na4 Rg6 19. Nb3 h5 20. c5 bxc5 21. bxc5 {1-0 (53) Prakash,G (2435)-Ravi,T (2373) Mumbai 2000}) 17... Ne5 (17... h5 $11 {remains equal.}) 18. Nb3 Qb8 {[#]} 19. c5 $1 {[%mdl 512]} bxc5 20. bxc5 dxc5 21. Na4 $1 {[%cal Rb3c5]} g4 22. f4 {[%cal Rb3c5]} Nf3+ {[#]} 23. Kh1 $1 {Hoping for Rd7.} Bxe4 24. Rd7 $2 (24. gxf3 $2 gxf3 25. Bd3 Bxd3 $19) (24. Bxa6 $2 Nh4 $19) ({White has to play} 24. Naxc5 $18 Rxc5 25. Bxc5 (25. Rxc5 Nh4 $11) 25... Qxf4 26. Bxf3 (26. gxf3 gxf3 27. Qxf6+ Bxf6 28. Rg1 fxe2+ 29. Rg2 Bxg2+ 30. Kg1 Be4#) 26... gxf3 27. Bxe7) 24... Bf8 {...Bg7 is the strong threat.} 25. Rxf7 (25. gxf3 gxf3 26. Bd3 (26. Qxf6+ $2 Bg7 $19) 26... Bc6 $17) 25... Bg7 26. Rxg7 (26. gxf3 $2 gxf3 27. Bd3 (27. Bf1 $2 Ng4 $19) 27... Bxd3 $19) (26. Nbxc5 $6 Qxb2 27. Nxb2 Nd5 $11) (26. Rxc5 Rcf8 $15) (26. Naxc5 $16 Bd5 27. Bxa6 (27. Rxf6 e5 $16) (27. gxf3 gxf3 28. Bc4 Ba8 $15) 27... Rxc5 28. Rxc5 Bxb3 29. Rxf6) 26... Rxg7 (26... Kxg7 {is more complex.} 27. Naxc5 Rxc5 28. Rxc5 Nh4 29. Kg1 Nxg2 30. Bd4 Qxf4 31. Nd2 Kf7) 27. Naxc5 e5 $1 28. Nxe4 (28. gxf3 $2 gxf3 29. Bd3 f2+ 30. Nxe4 (30. Bxe4 Nxe4 31. Qe2 Qa8 32. Qf3 Ng3+ 33. hxg3 Qxf3+ 34. Kh2 Qxg3+ 35. Kh1 Qh4#) 30... Rxc1+ 31. Qxc1 Qxb3 $19) 28... Rxc1+ 29. Qxc1 (29. Bxc1 $2 {perishes.} Nxe4 30. Be3 (30. gxf3 $2 gxf3 31. Bxf3 Qb6 $19) 30... exf4 $19) 29... Nxe4 30. gxf3 Rc7 $1 {[%cal Rc7c1]} 31. Qb1 ({Wrong is} 31. fxe4 $2 Rxc1+ 32. Nxc1 exf4 $19) 31... Nc3 32. Qf5 Nxe2 33. Qxe5+ Kg8 34. Qe6+ Rf7 35. Qxg4+ Rg7 36. Qe6+ Kh8 37. Nd2 Qg8 {[%mdl 1024] Black has compensation.} 38. Qe5 Qc8 39. Ne4 {aiming for Ng5.} Kg8 $2 {[%mdl 8192]} (39... Qb7 $11 40. Nd2 Qe7) 40. Qd5+ Kh8 41. Qe5 $2 ({White should play} 41. Qd1 $18 Qc4 42. f5) 41... Qb7 $40 {[%mdl 128] White needs to defend precisely.} 42. Ng5 {Threatens to win with Qf5.} h6 43. Qe8+ Rg8 44. Qh5 (44. Qe5+ $11 {and White is okay.} Qg7 45. Ne4) 44... Qb1+ $19 45. Kg2 Rg6 {And now ...Qd3 would win.} 46. Kf2 $2 {[%mdl 8192] [#]} (46. Qh3 $17 {nothing else works.} Qc2 47. Kh1) 46... Qc2 $1 {( -> ...Nxf4+). Black is clearly winning.} 47. Ke1 (47. Kf1 $142 Qd3 48. Kf2) 47... Nc3 {[%csl Gc3][%cal Rc2e2]} 48. Bd4+ Kg8 {[%csl Gc3][%cal Rc2e2]} 49. Bxc3 Qxc3+ 50. Kf2 Qc2+ 51. Kg3 hxg5 52. fxg5 Re6 {Precision: White = 45%, Black = 59%.} 0-1